[Event "Kitchener Masters4"]
[Site "Kitchener"]
[Date "2008.04.05"]
[Round "?"]
[White "Knechtel, Tim E"]
[Black "Rowles, Christopher"]
[Result "1/2-1/2"]
[WhiteElo "1799"]
[BlackElo "1723"]
[PlyCount "90"]
[EventDate "2008.04.05"]
[EventType "tourn"]
[EventRounds "3"]
[EventCountry "CAN"]
[SourceTitle "EXT 2011"]
[Source "ChessBase"]
[SourceDate "2010.11.26"]
[SourceVersion "1"]
[SourceVersionDate "2010.11.26"]
[SourceQuality "1"]

1. d3 d5 2. g3 g6 3. Bg2 c6 4. h3 Nf6 5. Nf3 Bg7 6. 0-0 0-0 7. Nbd2 Nbd7 8. Re1 Re8 9. e4 e5 10. Nf1 Qc7 11. Bd2 dxe4 12. dxe4 Nc5 13. N3h2 Ne6 14. Qc1 Bd7 15. c3 Rad8 16. Be3 c5 17. Qc2 b6 18. Nd2 Bb5 19. Bf1 Bxf1 20. Ndxf1 Rd7 21. Rad1 Red8 22. f3 Bf8 23. Bc1 c4 24. Ne3 Nc5 25. Rxd7 Rxd7 26. Nhg4 Nxg4 27. hxg4 Nd3 28. Re2 Nxc1 29. Qxc1 Qc5 30. Kg2 Bh6 31. Qe1 Rd3 32. Nd5 Qd6 33. Qh1 Kg7 34. Qh4 f6 35. Qh3 Bg5 36. Qh2 Qe6 37. Qh3 Qd7 38. Qh2 Qa4 39. f4 exf4 40. gxf4 Qd1 41. Kf2 Rd2 42. Ke3 Rd3+ 43. Kf2 Rd2 44. Ke3 Rd3+ 45. Kf2 Rd2 1/2-1/2

[Event "Kitchener Masters4"]
[Site "Kitchener"]
[Date "2008.04.05"]
[Round "?"]
[White "Rowles, Christopher"]
[Black "Gillanders, Robert"]
[Result "0-1"]
[WhiteElo "1723"]
[BlackElo "1865"]
[PlyCount "104"]
[EventDate "2008.04.05"]
[EventType "tourn"]
[EventRounds "3"]
[EventCountry "CAN"]
[SourceTitle "EXT 2011"]
[Source "ChessBase"]
[SourceDate "2010.11.26"]
[SourceVersion "1"]
[SourceVersionDate "2010.11.26"]
[SourceQuality "1"]

1. e4 c5 2. Nf3 Nc6 3. d4 cxd4 4. Nxd4 Nf6 5. Nc3 e5 6. Ndb5 d6 7. a4 Be6 8. Bg5 Rc8 9. Be2 a6 10. Na3 Be7 11. Be3 0-0 12. 0-0 d5 13. exd5 Nxd5 14. Nxd5 Bxd5 15. Bg4 f5 16. Be2 Kh8 17. Bc4 Bxc4 18. Nxc4 Qe8 19. Qe2 f4 20. Bb6 Qg6 21. f3 Rf5 22. Qe4 Rcf8 23. c3 Qf6 24. Rad1 Rh5 25. Rd2 Qh6 26. h3 Qg5 27. Kh1 Rf6 28. Rfd1 Rfh6 29. Rg1 Qg3 30. Qc2 Rxh3+ 31. gxh3 Qxf3+ 32. Rgg2 Qxh3+ 33. Kg1 Qh1+ 34. Kf2 Bh4+ 35. Kf3 Qf1+ 36. Rdf2 Qxc4 37. Rd2 e4+ 38. Qxe4 Qxe4+ 39. Kxe4 Re6+ 40. Kf5 Re5+ 41. Kg4 Bg3 42. Rd7 h5+ 43. Kf3 g5 44. Rgd2 g4+ 45. Kg2 h4 46. Rd1 f3+ 47. Kh1 Re1+ 48. Rxe1 Bxe1 49. Rd5 Kh7 50. Rg5 g3 51. Kg1 Kh6 52. Be3 Bf2+ 0-1